Estate agencies: impact of mortgage regulation (Record no. 118435)

MARC details
000 -LEADER
fixed length control field 01396cam a2200241 4500
001 - CONTROL NUMBER
control field ABS68567
008 - FIXED-LENGTH DATA ELEMENTS--GENERAL INFORMATION
fixed length control field 041213n2004 000 0 eng u
035 ## - SYSTEM CONTROL NUMBER
System control number (Sirsi) u128279
100 ## - MAIN ENTRY--PERSONAL NAME
Personal name Walker, K.
245 ## - TITLE STATEMENT
Title Estate agencies: impact of mortgage regulation
260 ## - PUBLICATION, DISTRIBUTION, ETC.
Date of publication, distribution, etc. 2004
490 ## - SERIES STATEMENT
Series statement Estate Agent
Volume/sequential designation November 2004, 22-23(2)
520 ## - SUMMARY, ETC.
Summary, etc. Examines the impact on estate agents of the new mortgage sales process regulatory regime undertaken by the Financial Services Authority (FSA) from 31 October 2004. Estate agents introducing a client to a local lender or mortgage broker must be authorised by the FSA to carry out this activity and they must comply with the "Mortgage conduct of business sourcebook". Looks at exemptions that estate agents might be able to make use of in respect of real time promotions and what they must do in the case of non-real time promotions such as advertising their ability to make introductions to mortgage brokers or lenders in local newspapers. Concludes with a note on the scope of the new regime.
590 ## - LOCAL NOTE (RLIN)
Local note ABS
590 ## - LOCAL NOTE (RLIN)
Local note ABS
650 ## - SUBJECT ADDED ENTRY--TOPICAL TERM
Topical term or geographic name entry element MORTGAGE CONDUCT OF BUSINESS SOURCEBOOK
650 ## - SUBJECT ADDED ENTRY--TOPICAL TERM
Topical term or geographic name entry element FINANCIAL SERVICES AND MARKETS ACT 2000
650 ## - SUBJECT ADDED ENTRY--TOPICAL TERM
Topical term or geographic name entry element FINANCIAL SERVICES AND MARKETS ACT 2000 (FINANCIAL PROMOTIONS) ORDER S288
650 ## - SUBJECT ADDED ENTRY--TOPICAL TERM
Topical term or geographic name entry element MORTGAGE SALES
650 ## - SUBJECT ADDED ENTRY--TOPICAL TERM
Topical term or geographic name entry element ESTATE AGENTS
690 ## - LOCAL SUBJECT ADDED ENTRY--TOPICAL TERM (OCLC, RLIN)
Topical term or geographic name as entry element PROFESSIONAL PRACTICE
942 ## - ADDED ENTRY ELEMENTS (KOHA)
Suppress in OPAC 0
Holdings
Withdrawn status Lost status Source of classification or shelving scheme Damaged status Not for loan Home library Current library Shelving location Date acquired Total Checkouts Full call number Barcode Date last seen Copy number Price effective from Koha item type
    Dewey Decimal Classification     London London Journal article 13/12/2004   ABS68567 128279-1001 06/08/2019 1 06/08/2019 Journal article